Science Quiz

Random Science Quiz

Steroid Synthesis Pathway Quiz Stats

 Plays Quiz not verified by Sporcle

Support Sporcle.
Go Orange.
Score 0/45 Timer 20:00
0 Plays Today
Hint Answer % Correct
Substratecholesterol
100%
Enzymecholesterol side chain cleavage enzyme
75%
Substratepregnenolone
75%
Enzyme 3 beta HSD
55%
Substrateprogesterone
55%
Substratealdosterone
45%
Enzyme21 alpha hydroxylase
40%
Substrate11 deoxycorticosterone
40%
Enzyme11 beta hydroxylase
40%
Now where were we? (substrate)pregnenolone
40%
Substratecorticosterone
35%
Enzymealdosterone synthase
35%
Substrate18 hydroxycorticosterone
35%
Enzymealdosterone synthase
35%
Enzyme3 beta HSD
25%
Substrate17 hydroxyprogesterone
25%
Enzyme21 alpha hydroxylase
25%
Substratecortisol
25%
Substratedehydroepiandrosterone
25%
Substrateestrone
25%
Substratetestosterone
25%
Substrateestradiol
25%
Now let's do vertical :) Say OKOK
25%
Hint Answer % Correct
Enzyme17 alpha hydroxylase
20%
Substrate17 hydroxypregnenolone
20%
Substrate11 deoxycortisol
20%
Enzyme11 beta hydroxylase
20%
Okay, now where were we? (substrate)17 hydroxypregnenolone
20%
Enzyme 17, 20 desmolase
20%
Enzyme3 beta hydroxysteroid sulfotransferase
20%
OK lit, now where were we? (substrate)dehydroepiandrosterone
20%
SubstrateD4 androstenedione
20%
Enzymearomatase
20%
Now where were we? (substrate)dehydroepiandrosterone
20%
Enzymearomatase
20%
Substratedehydroepiandrosterone sulfate
15%
Enzyme3 beta HSD
15%
Enzyme17 beta HSD
15%
SubstrateD5 androstenediol
15%
Enzyme3 beta HSD
15%
What makes progesterone into 17 hydroxyprogesterone?17 alpha hydroxylase
15%
What makes that into D4 androstenedione?17, 20 desmolase
15%
What makes that into testosterone?17 beta HSD
15%
What makes that into dihydrotestosterone?5 alpha reductase
15%
What makes estrone into estradiol?17 beta HSD
15%

You're not logged in!

Compare scores with friends on all Sporcle quizzes.
OR
Log In

From the Vault

Drawing a Blank: Harry Potter

by SerbianKnight

Say what you want about Voldemort, but he gave Harry the coolest looking scar.
Remove Ads.
Support Sporcle.
Get the best of Sporcle when you Go Orange. This ad-free experience offers more features, more stats, and more fun while also helping to support Sporcle. Thank you for becoming a member.

Show Comments

Extras

Created Feb 19, 2020ReportNominate
Tags:Extra, Pathway, Steroid

Top Quizzes Today


Score Distribution

Your Account Isn't Verified!

In order to create a playlist on Sporcle, you need to verify the email address you used during registration. Go to your Sporcle Settings to finish the process.

Report this User

Report this user for behavior that violates our Community Guidelines.

Details: